| 000 | 01233cam a2200289 a 4500 | ||
|---|---|---|---|
| 001 | 13861099 | ||
| 003 | ARRUPE | ||
| 005 | 20150414020006.0 | ||
| 008 | 050204r20051998ilu b 001 0 eng | ||
| 010 | _a 2005041764 | ||
| 020 | _a0226302318 (pbk. : alk. paper) | ||
| 040 |
_aDLC _cDLC _dDLC |
||
| 050 | 0 | 0 |
_aQ125 _b.G63 2005 |
| 082 | 0 | 0 |
_a509 _222 |
| 100 | 1 |
_aGolinski, Jan. _914735 |
|
| 245 | 1 | 0 |
_aMaking natural knowledge : _bconstructivism and the history of science / _cJan Golinski ; with a new preface. |
| 260 |
_aChicago : _bUniversity of Chicago Press, _cc2005. |
||
| 300 |
_axxii, 236 p. ; _c23 cm. |
||
| 500 | _aOriginally published: Cambridge ; New York : Cambridge University Press, 1998, in series: Cambridge history of science. | ||
| 504 | _aIncludes bibliographical references (p. 207-227) and index. | ||
| 650 | 0 |
_aScience _xHistory. _914736 |
|
| 650 | 0 |
_aScience _xHistoriography. _914737 |
|
| 650 | 0 |
_aConstructivism (Philosophy) _914738 |
|
| 906 |
_a7 _bcbc _corignew _d1 _eocip _f20 _gy-gencatlg |
||
| 942 |
_2lcc _cMONOGRAPH _01 |
||
| 999 |
_c121921 _d121921 |
||